Wybory Prezydenckie 2025 - Statystyki

Ogólne statystyki
  • Ten quiz został rozwiązany 79 razy
  • Średni wynik to 12 z 13
Statystyki odpowiedzi
Procent Kandydat na prezydenta % Poprawnych
29.5% Karol Nawrocki
100%
31.3% Rafał Trzaskowski
100%
14.8% Sławomir Mentzen
100%
6.34% Grzegorz Braun
99%
4.23% Magdalena Biejat
97%
4.99% Szymon Hołownia
97%
4.86% Adrian Zandberg
96%
1.09% Joanna Senyszyn
94%
0.09% Marek Woch
87%
1.24% Krzysztof Stanowski
86%
0.19% Maciej Maciak
81%
0.77% Marek Jakubiak
80%
0.49% Artur Bartoszewicz
61%
Nie znaleziono quizów pasujących do podanych kryteriów
Rozkład punktacji
Procent ludzi z każdym wynikiem
Percentyl według liczby udzielonych odpowiedzi
Twoja historia wyników
Nie rozwiązałeś tego quizu